Effectif Italie - Coupe du Monde 2014 - Statistiques

Statistiques générales
  • Ce quiz a été pris 19 fois
  • Le résultat moyen est 13 sur 24
Statistiques - réponses
POSTE CLUB NUMERO JOUEUR % Correct
G Juventus 1 Gianluigi Buffon
100%
DEF Juventus 3 Giorgio Chiellini
100%
G PSG 12 Salvatore Sirigu
100%
MIL Juventus 21 Andrea Pirlo
94%
DEF Juventus 19 Leonardo Bonucci
89%
MIL PSG 23 Marco Verratti
89%
MIL PSG 5 Thiago Motta
89%
DEF Juventus 15 Andrea Barzagli
83%
MIL Juventus 8 Claudio Marchisio
72%
ATT AC Milan 9 Mario Balotelli
67%
MIL AS Rome 16 Daniele De Rossi
61%
ATT SSC Napoli 22 Lorezo Insigne
61%
ATT Torino FC 17 Ciro Immobile
50%
DEF AC Milan 7 Ignazio Abate
44%
MIL Lazio Rome 6 Antonio Candreva
39%
DEF AC Milan 2 Mattia De Sciglio
39%
G Genoa 13 Mattia Perin
39%
ATT Parma 10 Antonio Cassano
28%
MIL Parma 18 Marco Parolo
28%
MIL Fiorentina 14 Alberto Aquilani
11%
DEF Parma 20 Gabriel Paletta
11%
DEF Torino FC 4 Matteo Darmian
11%
COACH - - Cesare Prandelli
6%
ATT Alessio Cerci 11 Torino FC
6%
Aucun quiz correspondant
Distribution des résultats
% des personnes avec chaque résultat
Percentile par nombre de réponses
Votre historique - résultats
Vous n’avez pas pris ce quiz